| 000 | 00501nam a2200193Ia 4500 | ||
|---|---|---|---|
| 005 | 20260429112211.0 | ||
| 008 | 260429s9999||||xx |||||||||||||| ||und|| | ||
| 020 | _a9788180942440 | ||
| 041 | _aEnglish | ||
| 082 |
_a907 _bHAR |
||
| 100 | _aHartwell, Ernest C. | ||
| 245 | 0 |
_aTeaching of history / _cErnest C. Hartwell |
|
| 250 | _a1st ed. | ||
| 260 |
_aChennai : _bMJP Publishers , _c2024. |
||
| 300 | _a65 p.; hb | ||
| 650 | _a Pedagogy | ||
| 650 | _aHistory-Study and teaching | ||
| 942 | _cTB | ||
| 999 |
_c52861 _d52861 |
||